[Event "CRO-chT3 East-A"]
[Site "Croatia"]
[Date "2005.03.13"]
[Round "1.1"]
[White "Runje, Andrija"]
[Black "Pintaric, Stjepan"]
[Result "1-0"]
[WhiteElo "1979"]
[BlackElo "2031"]
[PlyCount "195"]
[EventDate "2005.03.13"]
[EventType "team-tourn"]
[EventRounds "11"]
[EventCountry "CRO"]
[SourceTitle "EXT 2007"]
[Source "ChessBase"]
[SourceDate "2006.11.23"]
[SourceVersion "1"]
[SourceVersionDate "2006.11.23"]
[SourceQuality "1"]
[WhiteTeam "Pakrac"]
[BlackTeam "Velimirovac"]
[WhiteTeamCountry "CRO"]
[BlackTeamCountry "CRO"]

1. d4 e6 2. c4 d5 3. Nf3 Nf6 4. Nc3 Be7 5. cxd5 exd5 6. Bg5 c6 7. e3 Nbd7 8. Bd3 h6 9. Bxf6 Nxf6 10. Ne5 Bd6 11. f4 Bb4 12. 0-0 h5 13. a3 Bxc3 14. bxc3 Ng4 15. Qe1 h4 16. h3 Nf6 17. Rb1 Qe7 18. e4 dxe4 19. Bxe4 Nxe4 20. Qxe4 0-0 21. Rbe1 f6 22. Ng6 Qxe4 23. Rxe4 f5 24. Re7 Rf6 25. Nxh4 Re6 26. Re1 Rxe1+ 27. Rxe1 Kf7 28. Re5 g6 29. Kf2 Bd7 30. Ke3 b6 31. Nf3 Kf6 32. Ng5 Rh8 33. Kd3 b5 34. c4 a6 35. g3 Rb8 36. Re3 a5 37. d5 bxc4+ 38. Kxc4 cxd5+ 39. Kxd5 a4 40. Rc3 Rb3 41. Kd4 Rb7 42. h4 Bb5 43. Nf3 Rd7+ 44. Kc5 Rc7+ 45. Kb4 Rb7 46. Nd4 Be8+ 47. Kc4 Rb8 48. Kd3 Rb6 49. Rc5 Rb1 50. Rc3 Rb6 51. Nc2 Bf7 52. Nb4 Rd6+ 53. Ke2 Kg7 54. Rc7 Kg8 55. Rc8+ Kg7 56. Rc7 Kg8 57. Rc6 Rd4 58. Ke3 Rd1 59. Nd3 Ra1 60. Rc3 Be8 61. Kd4 Rg1 62. Ne5 Rd1+ 63. Kc5 Rd8 64. Nc4 Rc8+ 65. Kd4 Rd8+ 66. Ke5 Rb8 67. Nd6 Bd7 68. Rc7 Be8 69. Nxe8 Rxe8+ 70. Kf6 Re3 71. Rg7+ Kf8 72. Rxg6 Rxa3 73. Kxf5 Rb3 74. h5 Rb5+ 75. Kg4 Ra5 76. h6 Ra7 77. Rb6 Kg8 78. Kh5 a3 79. Rb1 a2 80. Ra1 Kh7 81. g4 Ra3 82. g5 Rh3+ 83. Kg4 Rh2 84. f5 Rg2+ 85. Kf4 Rf2+ 86. Ke4 Re2+ 87. Kf3 Rb2 88. Kf4 Rb4+ 89. Kg3 Rb2 90. Kg4 Rg2+ 91. Kf4 Rf2+ 92. Ke4 Re2+ 93. Kf4 Rb2 94. g6+ Kxh6 95. Rh1+ Kg7 96. Rh7+ Kg8 97. Ra7 Re2 98. Kg5 1-0